| 000 | 01147cam a2200337 a 4500 | ||
|---|---|---|---|
| 001 | 550313 | ||
| 003 | OSt | ||
| 005 | 20140310184242.0 | ||
| 008 | 881213s1989 paua 000 1 eng | ||
| 010 | _a 88043568 | ||
| 020 |
_a0590763709 _c$4.95 |
||
| 040 |
_aDLC _cDLC _dDLC |
||
| 050 | 0 | 0 |
_aPS 1322 _b.T969 1997 |
| 100 | 1 |
_aTwain, Mark, _d1835-1910. _925826 |
|
| 245 | 1 | 4 |
_aThe celebrated jumping frog of Calaveras County, and other stories / _cMark Twain ; [illustrated by Helen I. Driggs]. |
| 250 | _aRunning Press miniature ed. | ||
| 260 |
_aNew York: _bScholastic Inc., _c1997. |
||
| 300 |
_a78 p. : _bill. ; _c17 cm. |
||
| 521 | _aG9 | ||
| 526 | _c1000 | ||
| 650 | 0 |
_aHumorous stories, American. _93682 |
|
| 650 | 0 |
_aMiniature books _xSpecimens. _925827 |
|
| 700 | 1 |
_aDriggs, Helen I. _925828 |
|
| 700 | 1 | 2 |
_aTwain, Mark, _d1835-1910. _tCelebrated jumping frog of Calaveras County. _925829 |
| 710 | 2 |
_aMiniature Book Collection (Library of Congress) _5DLC _925830 |
|
| 740 | 0 | _aCelebrated jumping frog. | |
| 906 |
_a7 _bcbc _corignew _du _eocip _f19 _gy-gencatlg |
||
| 942 |
_2lcc _cBK-SCHOLAS |
||
| 999 |
_c33283 _d33283 |
||